[Event "XVII M.F.Sz.Dobczyce Gr.A"]
[Site "Dobczyce"]
[Date "2009.07.18"]
[Round "1.1"]
[White "Bes, Michal"]
[Black "Grabarczyk, Bogdan"]
[Result "0-1"]
[WhiteElo "1983"]
[BlackElo "2445"]
[PlyCount "42"]
[EventDate "2009.??.??"]

1. d4 f5 2. Bg5 h6 3. Bh4 g5 4. Bg3 Nf6 5. e3 e6 6. Be2 Bg7 7. c4 d6 8. Nc3 Qe7
9. Bh5+ Nxh5 10. Qxh5+ Qf7 11. Qxf7+ Kxf7 12. Nb5 Na6 13. Nf3 Bd7 14. Rc1 Bf6
15. Ke2 Bc6 16. b4 e5 17. d5 Bd7 18. h3 Nxb4 19. Nxc7 Rac8 20. Nb5 Bxb5 21.
cxb5 Nxa2 0-1

[Event "XVII M.F.Sz.Dobczyce Gr.A"]
[Site "Dobczyce"]
[Date "2009.07.18"]
[Round "1.2"]
[White "Kuziola, Mateusz"]
[Black "Grochowski, Mariusz"]
[Result "1-0"]
[WhiteElo "2327"]
[BlackElo "1968"]
[PlyCount "41"]
[EventDate "2009.??.??"]

1. e4 c5 2. g3 e6 3. Bg2 Nc6 4. d3 Nf6 5. Nc3 a6 6. f4 d6 7. Nf3 Qb6 8. O-O c4+
9. Kh1 cxd3 10. cxd3 Be7 11. Qe2 O-O 12. Be3 Qa5 13. d4 Qh5 14. e5 Ng4 15. Bg1
dxe5 16. Nxe5 Ncxe5 17. dxe5 Qg6 18. Be4 Qh6 19. Bf3 f5 20. exf6 Bxf6 21. Bxg4
1-0

[Event "XVII M.F.Sz.Dobczyce Gr.A"]
[Site "Dobczyce"]
[Date "2009.07.18"]
[Round "1.3"]
[White "Labus, Zbigniew"]
[Black "Stachanczyk, Jacek"]
[Result "0-1"]
[WhiteElo "1943"]
[BlackElo "2205"]
[PlyCount "104"]
[EventDate "2009.??.??"]

1. e4 c5 2. Nf3 d6 3. d4 cxd4 4. Nxd4 Nf6 5. Nc3 g6 6. Be3 Bg7 7. f3 Nc6 8. Qd2
O-O 9. Bc4 Bd7 10. O-O-O Rb8 11. Nxc6 bxc6 12. Bxa7 Rb4 13. Bb3 Qa8 14. Be3
Rfb8 15. e5 Ne8 16. Bf4 d5 17. e6 Bxe6 18. Bxb8 Rxb8 19. Rhe1 Qa7 20. g4 Nc7
21. Nb1 c5 22. Qe3 Qb6 23. c3 d4 24. cxd4 c4 25. d5 Qxe3+ 26. Rxe3 Bh6 27. Bxc4
Bxe3+ 28. Kc2 Bd7 29. Nc3 Bf4 30. h3 Ne8 31. Ne2 Be5 32. Bb3 Rc8+ 33. Kb1 Nd6
34. Rc1 Rxc1+ 35. Nxc1 Bb5 36. a4 Bf1 37. h4 h5 38. Bd1 g5 39. Be2 Bxe2 40.
Nxe2 gxh4 41. f4 Bg7 42. gxh5 Ne4 43. Ng1 Bd4 44. Nf3 h3 45. Kc2 Bg1 46. b4 h2
47. Nxh2 Bxh2 48. a5 Nd6 49. Kc3 Bg1 50. Kb3 Kh7 51. Ka4 Kh6 52. b5 Kxh5 0-1

[Event "XVII M.F.Sz.Dobczyce Gr.A"]
[Site "Dobczyce"]
[Date "2009.07.18"]
[Round "1.4"]
[White "Lach, Piotr"]
[Black "Platek, Michal"]
[Result "1-0"]
[WhiteElo "2148"]
[BlackElo "1942"]
[PlyCount "87"]
[EventDate "2009.??.??"]

1. e4 e6 2. d4 d5 3. Nd2 c5 4. exd5 Qxd5 5. Ngf3 cxd4 6. Bc4 Qd6 7. O-O Nc6 8.
Nb3 Nf6 9. Nbxd4 Nxd4 10. Nxd4 a6 11. a4 Qc7 12. Qe2 Bd6 13. h3 O-O 14. Bg5 Be7
15. Bd3 Qc5 16. Nf3 Nd5 17. Qe4 f5 18. Bxe7 Qxe7 19. Qe5 Qc7 20. Rfe1 Bd7 21.
c4 Qxe5 22. Nxe5 Nf4 23. Nxd7 Nxd3 24. Re3 Nxb2 25. Nxf8 Kxf8 26. c5 Rc8 27.
Rxe6 Nd3 28. Rd6 Nf4 29. Rb1 Rc7 30. Rd8+ Kf7 31. Rb8 Rxc5 32. R1xb7+ Kf6 33.
Rb6+ Kg5 34. R8b7 Rc1+ 35. Kh2 Nh5 36. Rxa6 Rc2 37. Rb1 Nf6 38. f4+ Kh4 39.
Rab6 Nh5 40. R1b2 Rc1 41. R6b3 Nf6 42. Ra3 h6 43. a5 g5 44. Rb6 1-0

[Event "XVII M.F.Sz.Dobczyce Gr.A"]
[Site "Dobczyce"]
[Date "2009.07.18"]
[Round "1.5"]
[White "Siedlinski, Piotr"]
[Black "Watorek, Marcin"]
[Result "1/2-1/2"]
[WhiteElo "1922"]
[BlackElo "2115"]
[PlyCount "102"]
[EventDate "2009.??.??"]

1. e4 d6 2. Nf3 Nf6 3. Nc3 c6 4. d4 Bg4 5. Bd3 e6 6. O-O d5 7. e5 Nfd7 8. h3
Bh5 9. g4 Bg6 10. Kg2 c5 11. Bxg6 hxg6 12. dxc5 Nc6 13. Qe2 Bxc5 14. Bf4 Nb6
15. Nb5 Qd7 16. Nd6+ Bxd6 17. exd6 O-O 18. Ne5 Nxe5 19. Bxe5 Nc4 20. f4 Nxd6
21. Bxd6 Qxd6 22. f5 exf5 23. gxf5 Rfe8 24. Qf3 Re5 25. fxg6 Qxg6+ 26. Kh1 Rae8
27. Rad1 Re3 28. Qf5 Qxf5 29. Rxf5 Re1+ 30. Rf1 Rxf1+ 31. Rxf1 Re2 32. Rc1 g5
33. Rg1 f6 34. h4 Re4 35. Rd1 Rxh4+ 36. Kg2 d4 37. c3 dxc3 38. bxc3 Ra4 39. Kg3
Rxa2 40. Rd7 Rc2 41. Rc7 a5 42. Kg4 b5 43. Kf5 Rf2+ 44. Kg6 Kf8 45. Rb7 g4 46.
Rxb5 g3 47. Rb1 g2 48. Rg1 Ke7 49. Kh5 f5 50. Kh4 f4 51. Kh3 f3 1/2-1/2

[Event "XVII M.F.Sz.Dobczyce Gr.A"]
[Site "Dobczyce"]
[Date "2009.07.18"]
[Round "1.6"]
[White "Zaboklicki, Zbigniew"]
[Black "Guzik, Jolanta"]
[Result "1/2-1/2"]
[WhiteElo "1891"]
[BlackElo "2113"]
[PlyCount "64"]
[EventDate "2009.??.??"]

1. d4 d5 2. c4 e6 3. Nc3 c6 4. e3 f5 5. g4 fxg4 6. Qxg4 Nf6 7. Qg2 Nbd7 8. Nf3
Qe7 9. Bd3 e5 10. dxe5 Nxe5 11. Nxe5 Qxe5 12. cxd5 Nxd5 13. Nxd5 cxd5 14. Bb5+
Kf7 15. O-O Be6 16. f4 Qe4 17. f5 Qxg2+ 18. Kxg2 Bc8 19. Ba4 g6 20. fxg6+ Kxg6
21. Bc2+ Kh5 22. Bd1+ Kg6 23. Bf3 Be6 24. Bd2 Bg7 25. Kh1 Be5 26. Rf2 h6 27.
Rg1+ Kh7 28. Be2 Rhf8 29. Bd3+ Kh8 30. Rxf8+ Rxf8 31. Rg6 Rf6 32. Rxf6 Bxf6
1/2-1/2

[Event "XVII M.F.Sz.Dobczyce Gr.A"]
[Site "Dobczyce"]
[Date "2009.07.18"]
[Round "1.7"]
[White "Sowinski, Lukasz"]
[Black "Jagodzinski, Waldemar"]
[Result "0-1"]
[WhiteElo "1886"]
[BlackElo "2096"]
[PlyCount "104"]
[EventDate "2009.??.??"]

1. e4 d6 2. Nf3 Nf6 3. Nc3 c6 4. d4 Bg4 5. Bd3 e6 6. O-O d5 7. e5 Nfd7 8. h3
Bh5 9. g4 Bg6 10. Kg2 c5 11. Bxg6 hxg6 12. dxc5 Nc6 13. Qe2 Bxc5 14. Bg5 Qc7
15. Bf4 Nb6 16. Nb5 Qd7 17. Nd6+ Bxd6 18. exd6 O-O 19. Ne5 Nxe5 20. Bxe5 Nc4
21. f4 Nxd6 22. Bxd6 Qxd6 23. f5 exf5 24. gxf5 Rae8 25. Qf3 Re5 26. fxg6 Qxg6+
27. Kh1 Rfe8 28. Rad1 Re3 29. Qf5 Qxf5 30. Rxf5 Re1+ 31. Rf1 Rxf1+ 32. Rxf1 Re2
33. Rc1 g5 34. Rg1 f6 35. h4 Re4 36. Rd1 Rxh4+ 37. Kg2 d4 38. c3 dxc3 39. bxc3
Ra4 40. Kg3 Rxa2 41. Rd7 Rc2 42. Rc7 a5 43. Kg4 a4 44. Kf5 Rf2+ 45. Kg6 Kf8 46.
Rxb7 g4 47. Rb5 g3 48. Rb1 g2 49. Rg1 Ke7 50. Kh5 f5 51. Kh4 f4 52. Kh3 f3 0-1

[Event "XVII M.F.Sz.Dobczyce Gr.A"]
[Site "Dobczyce"]
[Date "2009.07.18"]
[Round "1.8"]
[White "Duda, Jan-Krzysztof"]
[Black "Gabrys, Sebastian"]
[Result "1-0"]
[WhiteElo "2086"]
[BlackElo "1877"]
[PlyCount "91"]
[EventDate "2009.??.??"]

1. e4 c5 2. Nf3 e6 3. d4 cxd4 4. Nxd4 Nf6 5. Nc3 Nc6 6. Ndb5 Bb4 7. a3 Bxc3+ 8.
Nxc3 O-O 9. Qd6 Qa5 10. b4 Qh5 11. b5 Qe5 12. Qxe5 Nxe5 13. f4 Ng6 14. e5 Ne8
15. Ne4 f6 16. exf6 Nxf6 17. Nd6 Ne8 18. Nxe8 Rxe8 19. Bd3 b6 20. O-O Bb7 21.
Be3 Nh4 22. Rf2 Rac8 23. Rd2 e5 24. a4 e4 25. Bf1 d5 26. Ra3 Nf5 27. Kf2 Rc7
28. c4 dxc4 29. Rc3 Rec8 30. g4 Ne7 31. Rd4 Bd5 32. f5 h6 33. Bf4 Rb7 34. Bd6
Bf7 35. Rxe4 Nd5 36. Rcxc4 Rxc4 37. Rxc4 Nf6 38. Rf4 Rd7 39. Bb4 Rd1 40. Bc4
Nd5 41. Re4 Ra1 42. Bb3 Nxb4 43. Re8+ Kh7 44. Bxf7 h5 45. g5 Nd3+ 46. Ke3 1-0

[Event "XVII M.F.Sz.Dobczyce Gr.A"]
[Site "Dobczyce"]
[Date "2009.07.18"]
[Round "1.9"]
[White "Klementys, Jerzy"]
[Black "Lach, Aleksandra"]
[Result "1/2-1/2"]
[WhiteElo "1836"]
[BlackElo "2069"]
[PlyCount "69"]
[EventDate "2009.??.??"]

1. d4 f5 2. c4 g6 3. Nf3 Bg7 4. g3 Nf6 5. Bg2 O-O 6. O-O d6 7. Nc3 Qe8 8. Re1
Qf7 9. b3 Ne4 10. Bb2 Nc6 11. e3 h6 12. a3 g5 13. Qc2 Nxc3 14. Bxc3 e5 15. dxe5
dxe5 16. Qb2 e4 17. Bxg7 Qxg7 18. Qxg7+ Kxg7 19. Nd4 Ne5 20. f4 gxf4 21. gxf4
Ng6 22. Rad1 a6 23. c5 Kf6 24. Bf1 Be6 25. Nxe6 Kxe6 26. Bc4+ Ke7 27. Rd5 Rad8
28. Red1 Rxd5 29. Rxd5 Rf6 30. Kf2 Nf8 31. b4 Nd7 32. Rd1 Rg6 33. Rd5 Rf6 34.
Rd1 Rg6 35. Rd5 1/2-1/2

[Event "XVII M.F.Sz.Dobczyce Gr.A"]
[Site "Dobczyce"]
[Date "2009.07.18"]
[Round "1.10"]
[White "Wypych, Dominik"]
[Black "Sleczka, Bartosz"]
[Result "1-0"]
[WhiteElo "2063"]
[BlackElo "1835"]
[PlyCount "91"]
[EventDate "2009.??.??"]

1. d4 d5 2. c4 e6 3. Nf3 Nf6 4. g3 Be7 5. Bg2 O-O 6. Nbd2 b6 7. O-O Bb7 8. b3
c5 9. Bb2 Nbd7 10. e3 Ne4 11. Nxe4 dxe4 12. Nd2 f5 13. f3 exf3 14. Nxf3 Be4 15.
Qe2 g5 16. Rad1 g4 17. Ne1 Bxg2 18. Nxg2 Qc7 19. Nf4 Qc6 20. d5 exd5 21. Nxd5
Rae8 22. Qd3 Bg5 23. Rxf5 Rxf5 24. Qxf5 h6 25. Qxg4 Qe6 26. Qxe6+ Rxe6 27. Kf2
Kf7 28. h4 Bf6 29. Bxf6 Nxf6 30. Nxf6 Kxf6 31. Rd7 a6 32. Ra7 a5 33. a4 Ke5 34.
Rf7 Ke4 35. Ke2 Rg6 36. Rf4+ Ke5 37. g4 Rg8 38. Kf3 Rd8 39. Rf5+ Ke6 40. Ke4
Rg8 41. Kf4 Rd8 42. Rh5 Rf8+ 43. Ke4 Rf6 44. g5 hxg5 45. hxg5 Rf2 46. Rh6+ 1-0

[Event "XVII M.F.Sz.Dobczyce Gr.A"]
[Site "Dobczyce"]
[Date "2009.07.19"]
[Round "2.1"]
[White "Grabarczyk, Bogdan"]
[Black "Duda, Jan-Krzysztof"]
[Result "0-1"]
[WhiteElo "2445"]
[BlackElo "2086"]
[PlyCount "88"]
[EventDate "2009.??.??"]

1. e4 e5 2. Nc3 Nc6 3. g3 Nf6 4. Bg2 Bc5 5. d3 h6 6. Nge2 d6 7. Na4 Bg4 8. Nxc5
dxc5 9. h3 Bxe2 10. Qxe2 Nd4 11. Qd1 Qd6 12. O-O g5 13. Be3 O-O-O 14. a3 Qe6
15. f4 gxf4 16. gxf4 exf4 17. Rxf4 Rhg8 18. Bxd4 Qxh3 19. Qf3 Rxg2+ 20. Qxg2
Rg8 21. Qxg8+ Nxg8 22. Bf2 h5 23. Re1 Nh6 24. Re3 Qe6 25. b3 Qe5 26. Ref3 Qb2
27. Rh4 Qxc2 28. Rxh5 b6 29. b4 c4 30. dxc4 Qxe4 31. Rhh3 Qxc4 32. Rh4 Ng4 33.
Bg3 Qd4+ 34. Kg2 Ne3+ 35. Kh2 Qd3 36. Rhf4 Qe2+ 37. Kh3 f5 38. Rf2 Qd1 39. Bh2
Qd7 40. Kg3 Qg7+ 41. Kh3 Ng4 42. Rc2 Qh6+ 43. Kg3 Qe6 44. Kh3 Qb3+ 0-1

[Event "XVII M.F.Sz.Dobczyce Gr.A"]
[Site "Dobczyce"]
[Date "2009.07.19"]
[Round "2.2"]
[White "Jagodzinski, Waldemar"]
[Black "Kuziola, Mateusz"]
[Result "0-1"]
[WhiteElo "2096"]
[BlackElo "2327"]
[PlyCount "66"]
[EventDate "2009.??.??"]

1. d4 c5 2. d5 e5 3. c4 d6 4. Nc3 Be7 5. e4 Bg5 6. Nf3 Bxc1 7. Qxc1 Ne7 8. Bd3
O-O 9. Nh4 Nec6 10. dxc6 Qxh4 11. cxb7 Bxb7 12. O-O Nc6 13. f3 f5 14. Qe1 Qxe1
15. Rfxe1 g6 16. a3 a5 17. Rab1 Rab8 18. Red1 Ba6 19. Nd5 Rf7 20. exf5 gxf5 21.
Rd2 Rb3 22. Nc3 Nd4 23. Nb5 Bxb5 24. cxb5 d5 25. Re1 e4 26. fxe4 fxe4 27. Bb1
e3 28. Rd3 Rxd3 29. Bxd3 c4 30. Be2 Nxe2+ 31. Rxe2 d4 32. a4 Kg7 33. Re1 d3 0-1

[Event "XVII M.F.Sz.Dobczyce Gr.A"]
[Site "Dobczyce"]
[Date "2009.07.19"]
[Round "2.3"]
[White "Stachanczyk, Jacek"]
[Black "Wypych, Dominik"]
[Result "1-0"]
[WhiteElo "2205"]
[BlackElo "2063"]
[PlyCount "93"]
[EventDate "2009.??.??"]

1. e4 e6 2. d4 d5 3. Nc3 Nf6 4. e5 Nfd7 5. f4 c5 6. Nf3 Nc6 7. Be3 cxd4 8. Nxd4
Bc5 9. Qd2 Bxd4 10. Bxd4 Nxd4 11. Qxd4 Qb6 12. Qxb6 Nxb6 13. O-O-O h5 14. a4
Bd7 15. b3 g6 16. Kb2 a6 17. Ne2 Nc8 18. Nd4 Ne7 19. Bd3 Nc6 20. Nf3 Ke7 21.
Ka3 Rac8 22. g3 Na5 23. Kb2 Nc6 24. Be2 Na5 25. h3 Rh6 26. Nd2 Nc6 27. Nf1 Rg8
28. h4 Rc8 29. Ne3 Rh7 30. Bf3 Nb8 31. c4 dxc4 32. Nxc4 Bc6 33. Bxc6 bxc6 34.
Rh2 Rhh8 35. Rhd2 Rc7 36. Nd6 Rf8 37. Ne4 Rd7 38. Rd6 Rc7 39. Nc5 Rfc8 40. Kc3
Ra7 41. a5 Rf8 42. Kc4 Rc8 43. Na4 Rf8 44. Nc5 Rc8 45. b4 Ke8 46. Ne4 Ke7 47.
Nf6 1-0

[Event "XVII M.F.Sz.Dobczyce Gr.A"]
[Site "Dobczyce"]
[Date "2009.07.19"]
[Round "2.5"]
[White "Watorek, Marcin"]
[Black "Skwarnicki, Adam"]
[Result "1-0"]
[WhiteElo "2115"]
[BlackElo "2020"]
[PlyCount "111"]
[EventDate "2009.??.??"]

1. d4 Nf6 2. Nf3 g6 3. c4 Bg7 4. g3 d5 5. Bg2 O-O 6. cxd5 Nxd5 7. O-O Nc6 8. e4
Nb6 9. d5 Na5 10. Nc3 c6 11. Bg5 Nbc4 12. Qe2 h6 13. Bf4 Bg4 14. h3 Bxf3 15.
Bxf3 g5 16. Bc1 Ne5 17. Bg2 cxd5 18. exd5 Rc8 19. f4 gxf4 20. gxf4 Nec4 21. f5
Nd6 22. Qh5 Kh7 23. f6 exf6 24. Ne4 Ne8 25. Ng3 Nd6 26. Nf5 Nxf5 27. Qxf5+ Kg8
28. Be4 Qb6+ 29. Kh1 Rfe8 30. Rg1 Kf8 31. Qh7 Rxe4 32. Qxe4 Qf2 33. Qg2 Rc2 34.
Qxg7+ Ke8 35. Qg3 Qf5 36. Re1+ Kd7 37. Qg4 Qxg4 38. hxg4 Nc4 39. Bxh6 Ne5 40.
Rxe5 fxe5 41. Bf8 Rxb2 42. d6 Rc2 43. g5 b5 44. Rf1 Ke8 45. Bg7 e4 46. Re1 Kd7
47. Bf8 Rc4 48. Kg2 Ke6 49. Kg3 Ke5 50. Rd1 Rc3+ 51. Kg4 Rc8 52. Be7 Rg8 53.
Bf6+ Ke6 54. d7 e3 55. d8=Q Rxd8 56. Rxd8 1-0

[Event "XVII M.F.Sz.Dobczyce Gr.A"]
[Site "Dobczyce"]
[Date "2009.07.19"]
[Round "2.6"]
[White "Guzik, Jolanta"]
[Black "Siedlinski, Piotr"]
[Result "1-0"]
[WhiteElo "2113"]
[BlackElo "1922"]
[PlyCount "85"]
[EventDate "2009.??.??"]

1. c4 e5 2. Nc3 Nc6 3. g3 g6 4. Bg2 Bg7 5. e3 d6 6. Nge2 Be6 7. d3 f5 8. Rb1
Nge7 9. Nd5 O-O 10. b4 Qd7 11. b5 Nd8 12. O-O Bf7 13. f4 c6 14. Nxe7+ Qxe7 15.
bxc6 bxc6 16. Qa4 d5 17. Ba3 c5 18. cxd5 exf4 19. Qxf4 Be5 20. Qc4 Bd6 21. e4
fxe4 22. dxe4 Nc6 23. Qa6 Nb4 24. Qc4 Bxd5 25. exd5 Qe3+ 26. Kh1 Qxa3 27. Nf4
Rac8 28. Ne6 Rxf1+ 29. Rxf1 Qb2 30. Qg4 Qe5 31. Qf3 Nc2 32. Qf7+ Kh8 33. Qd7
Rb8 34. Nd8 Rxd8 35. Qxd8+ Kg7 36. Qd7+ Kh6 37. Qh3+ Kg7 38. Qe6 Qxe6 39. dxe6
Ne3 40. Rf7+ Kg8 41. Rd7 Nxg2 42. Kxg2 Be5 43. Rd8+ 1-0

[Event "XVII M.F.Sz.Dobczyce Gr.A"]
[Site "Dobczyce"]
[Date "2009.07.19"]
[Round "2.7"]
[White "Lach, Aleksandra"]
[Black "Zaboklicki, Zbigniew"]
[Result "1-0"]
[WhiteElo "2069"]
[BlackElo "1891"]
[PlyCount "61"]
[EventDate "2009.??.??"]

1. e4 c5 2. Nf3 Nc6 3. d4 cxd4 4. Nxd4 Nf6 5. Nc3 e5 6. Ndb5 d6 7. Bg5 a6 8.
Na3 Be6 9. Nc4 Bxc4 10. Bxf6 Qxf6 11. Bxc4 Qg6 12. O-O Be7 13. Nd5 O-O 14. Bd3
Bg5 15. c3 Ne7 16. f4 exf4 17. Nxe7+ Bxe7 18. Rxf4 Qe6 19. Bc2 Rad8 20. Bb3 Qe5
21. Qf3 Bf6 22. Rf1 Qe7 23. Bd5 Rd7 24. Qg4 Kh8 25. Rf5 Qd8 26. Kh1 Qe8 27. Qf3
Qe7 28. Qh3 Kg8 29. R1f3 Qd8 30. Rxf6 gxf6 31. Qh6 1-0

[Event "XVII M.F.Sz.Dobczyce Gr.A"]
[Site "Dobczyce"]
[Date "2009.07.19"]
[Round "2.8"]
[White "Kudas, Damian"]
[Black "Klementys, Jerzy"]
[Result "0-1"]
[WhiteElo "2047"]
[BlackElo "1836"]
[PlyCount "97"]
[EventDate "2009.??.??"]

1. d4 Nf6 2. Nf3 e6 3. c4 b6 4. Bg5 Be7 5. Nc3 Bb7 6. e3 d5 7. cxd5 Nxd5 8.
Nxd5 Bxd5 9. Bxe7 Qxe7 10. Bd3 Qb4+ 11. Qd2 Qxd2+ 12. Nxd2 Nd7 13. Rc1 c5 14.
Bb5 Rc8 15. O-O Ke7 16. Ba6 Rb8 17. e4 Bb7 18. Bxb7 Rxb7 19. d5 exd5 20. exd5
Re8 21. Nc4 Rbb8 22. a4 Nf6 23. Rcd1 Rbd8 24. d6+ Kf8 25. Rd3 Re6 26. Rfd1 Rde8
27. f4 Nd7 28. Rd5 Re1+ 29. Kf2 Rxd1 30. Rxd1 Re4 31. Ne5 Nxe5 32. fxe5 Ke8 33.
Rd5 Rxa4 34. Kf3 Kd7 35. Ke3 Ra1 36. Rd2 Re1+ 37. Kf4 Rf1+ 38. Ke4 a5 39. g4 g5
40. h3 Rf4+ 41. Kd5 Rf3 42. Ke4 Rf4+ 43. Kd5 Rb4 44. Rd3 Rxb2 45. Rf3 Rd2+ 46.
Ke4 Rd4+ 47. Kf5 Rf4+ 48. Rxf4 gxf4 49. Kxf4 0-1

[Event "XVII M.F.Sz.Dobczyce Gr.A"]
[Site "Dobczyce"]
[Date "2009.07.19"]
[Round "2.10"]
[White "Gabrys, Sebastian"]
[Black "Bes, Michal"]
[Result "0-1"]
[WhiteElo "1877"]
[BlackElo "1983"]
[PlyCount "46"]
[EventDate "2009.??.??"]

1. e4 e5 2. Nf3 Nc6 3. Bc4 Nf6 4. Ng5 d5 5. exd5 b5 6. Bb3 Nd4 7. d3 Bb7 8. c4
Be7 9. Ne4 O-O 10. Nxf6+ Bxf6 11. Nc3 b4 12. Ne4 Be7 13. O-O f5 14. Ng3 f4 15.
Ne2 f3 16. Nxd4 exd4 17. Re1 fxg2 18. Re6 Bh4 19. f4 Bc8 20. Re5 Qf6 21. Bd2
Bh3 22. Qe2 g5 23. Bxb4 Qxf4 0-1

[Event "XVII M.F.Sz.Dobczyce Gr.A"]
[Site "Dobczyce"]
[Date "2009.07.19"]
[Round "2.11"]
[White "Sleczka, Bartosz"]
[Black "Labus, Zbigniew"]
[Result "1-0"]
[WhiteElo "1835"]
[BlackElo "1943"]
[PlyCount "79"]
[EventDate "2009.??.??"]

1. e4 Nf6 2. e5 Nd5 3. d4 d6 4. Nf3 Bg4 5. Be2 e6 6. O-O Be7 7. h3 Bh5 8. c4
Nb6 9. Be3 O-O 10. Nc3 d5 11. c5 Nc8 12. b4 c6 13. Rc1 Nd7 14. Qd2 f6 15. exf6
Bxf6 16. Ng5 Bxg5 17. Bxg5 Qe8 18. Rfe1 h6 19. Bh4 e5 20. dxe5 Qxe5 21. Bg3 Qf5
22. Bxh5 Qxh5 23. Re2 b6 24. Re6 Rf6 25. Rce1 bxc5 26. bxc5 Qg6 27. Re8+ Kh7
28. Nxd5 Rf5 29. Nc7 Nf6 30. Nxa8 Nxe8 31. Qd8 Rxc5 32. Qxc8 Nf6 33. Nc7 Ne4
34. Ne6 Qf5 35. Nf8+ Kg8 36. Qxf5 Rxf5 37. Rxe4 Rxf8 38. Re7 Rf7 39. Rxf7 Kxf7
40. Kf1 1-0

[Event "XVII M.F.Sz.Dobczyce Gr.A"]
[Site "Dobczyce"]
[Date "2009.07.19"]
[Round "2.12"]
[White "Platek, Michal"]
[Black "Sowinski, Lukasz"]
[Result "1-0"]
[WhiteElo "1942"]
[BlackElo "1886"]
[PlyCount "45"]
[EventDate "2009.??.??"]

1. e4 e5 2. Nc3 Nc6 3. Bc4 Nf6 4. d3 d6 5. f4 exf4 6. Bxf4 Be7 7. Nf3 O-O 8.
Qd2 Be6 9. Bb3 a6 10. O-O Rc8 11. d4 d5 12. e5 Nh5 13. Ne2 Nxf4 14. Nxf4 Nb8
15. c3 c6 16. Bc2 Qd7 17. Nxe6 fxe6 18. Ng5 h6 19. Qd3 Rf5 20. Nxe6 g6 21. Rxf5
gxf5 22. Qxf5 Bg5 23. Nxg5 1-0

[Event "XVII M.F.Sz.Dobczyce Gr.A"]
[Site "Dobczyce"]
[Date "2009.07.20"]
[Round "3.1"]
[White "Kuziola, Mateusz"]
[Black "Lach, Piotr"]
[Result "1/2-1/2"]
[WhiteElo "2327"]
[BlackElo "2148"]
[PlyCount "67"]
[EventDate "2009.??.??"]

1. e4 c5 2. d3 Nc6 3. g3 d5 4. Nd2 Nf6 5. Bg2 Bg4 6. Ne2 dxe4 7. dxe4 e5 8. h3
Be6 9. f4 h5 10. O-O b5 11. f5 Bd7 12. Nb1 Qb6 13. Be3 O-O-O 14. Nd2 Be7 15. c3
Qb7 16. Qc2 Be8 17. a4 b4 18. cxb4 cxb4 19. a5 Kb8 20. b3 Qb5 21. Nc4 Bc5 22.
Rfd1 Bd7 23. Rac1 Rc8 24. Qd2 Ka8 25. Kh1 Nxa5 26. Bxc5 Rxc5 27. Nd6 Qb6 28.
Rxc5 Qxc5 29. Nxf7 Rc8 30. Nc1 Be8 31. Nd3 Nxb3 32. Qa2 Qc2 33. Qxc2 Rxc2 34.
Nxb4 1/2-1/2

[Event "XVII M.F.Sz.Dobczyce Gr.A"]
[Site "Dobczyce"]
[Date "2009.07.20"]
[Round "3.2"]
[White "Duda, Jan-Krzysztof"]
[Black "Stachanczyk, Jacek"]
[Result "1/2-1/2"]
[WhiteElo "2086"]
[BlackElo "2205"]
[PlyCount "76"]
[EventDate "2009.??.??"]

1. e4 c5 2. Nf3 d6 3. d4 cxd4 4. Nxd4 Nf6 5. Nc3 g6 6. Be3 Bg7 7. f3 Nc6 8. Qd2
O-O 9. O-O-O d5 10. Nxc6 bxc6 11. e5 Ne8 12. f4 f6 13. h4 Qa5 14. h5 fxe5 15.
fxe5 Bf5 16. hxg6 Bxg6 17. Bh6 Rb8 18. Rh4 Qb6 19. Na4 Qf2 20. Bxg7 Nxg7 21.
Rh1 Qxd2+ 22. Rxd2 Rf5 23. Nc5 Rxe5 24. Bd3 Re8 25. Bxg6 hxg6 26. Rh4 Re1+ 27.
Rd1 Re2 28. Rd2 Rxd2 29. Kxd2 e5 30. Ra4 Re7 31. Ra6 Nf5 32. Rxc6 Kf7 33. g4
Nd4 34. Rd6 e4 35. Rxd5 e3+ 36. Ke1 Nf3+ 37. Ke2 Ng1+ 38. Ke1 Nf3+ 1/2-1/2

[Event "XVII M.F.Sz.Dobczyce Gr.A"]
[Site "Dobczyce"]
[Date "2009.07.20"]
[Round "3.3"]
[White "Klementys, Jerzy"]
[Black "Watorek, Marcin"]
[Result "0-1"]
[WhiteElo "1836"]
[BlackElo "2115"]
[PlyCount "54"]
[EventDate "2009.??.??"]

1. d4 d5 2. c4 c6 3. Nc3 Nf6 4. Nf3 e6 5. Bg5 dxc4 6. a4 b5 7. axb5 cxb5 8. e3
Bb4 9. Be2 O-O 10. O-O Bxc3 11. bxc3 Nbd7 12. Qb1 a6 13. e4 Qc7 14. e5 Nd5 15.
Bd2 f6 16. exf6 N5xf6 17. Ng5 Re8 18. f4 Bb7 19. Bf3 h6 20. Ne4 Nxe4 21. Bxe4
Bxe4 22. Qxe4 Nf6 23. Qf3 Qd6 24. Be1 Qd5 25. Qe2 b4 26. cxb4 Qxd4+ 27. Kh1
Qxa1 0-1

[Event "XVII M.F.Sz.Dobczyce Gr.A"]
[Site "Dobczyce"]
[Date "2009.07.20"]
[Round "3.5"]
[White "Grabarczyk, Bogdan"]
[Black "Lach, Aleksandra"]
[Result "1-0"]
[WhiteElo "2445"]
[BlackElo "2069"]
[PlyCount "105"]
[EventDate "2009.??.??"]

1. e4 c5 2. Nf3 d6 3. d4 cxd4 4. Nxd4 Nf6 5. Nc3 a6 6. g3 e5 7. Nb3 Be6 8. Bg2
Be7 9. a4 O-O 10. O-O Nbd7 11. Re1 Rc8 12. Nd2 Qc7 13. Nf1 Nb6 14. Ne3 Rfd8 15.
a5 Nbd7 16. Ncd5 Bxd5 17. exd5 Nf8 18. b3 N6d7 19. Nc4 Ng6 20. Bh3 Rb8 21. Be3
Rf8 22. Bf5 Bf6 23. Qg4 Rfd8 24. c3 Ngf8 25. Qd1 g6 26. Bh3 Bg7 27. Rc1 f5 28.
f4 e4 29. g4 fxg4 30. Bxg4 Re8 31. Bh3 Nc5 32. Bf1 Bf6 33. b4 Ncd7 34. Bf2 Re7
35. Ne3 Bg7 36. c4 Bh6 37. Bg3 Nf6 38. Be2 Rg7 39. Kh1 b6 40. Qd4 Rf7 41. axb6
Qxb6 42. c5 Qxb4 43. Qxb4 Rxb4 44. c6 Ne8 45. Rf1 Nc7 46. Nc4 Ne8 47. Ra1 Ra7
48. f5 gxf5 49. Rxf5 Ng6 50. Nxd6 Ng7 51. Rff1 Rb2 52. Rab1 Rxb1 53. Rxb1 1-0

[Event "XVII M.F.Sz.Dobczyce Gr.A"]
[Site "Dobczyce"]
[Date "2009.07.20"]
[Round "3.7"]
[White "Wypych, Dominik"]
[Black "Platek, Michal"]
[Result "1-0"]
[WhiteElo "2063"]
[BlackElo "1942"]
[PlyCount "65"]
[EventDate "2009.??.??"]

1. d4 d5 2. c4 c6 3. g3 Nf6 4. Bg2 dxc4 5. a4 e6 6. Nf3 c5 7. O-O Nc6 8. e3
cxd4 9. Nxd4 Nxd4 10. exd4 Be7 11. Qc2 O-O 12. Qxc4 Rb8 13. Nc3 b6 14. Bf4 Bd6
15. Be5 Bb7 16. Nb5 Bxg2 17. Kxg2 Bxe5 18. dxe5 Nd7 19. Qe2 Qe7 20. Rfd1 Nc5
21. b4 Nd7 22. f4 Rfd8 23. Nd4 Rbc8 24. Rac1 Rxc1 25. Rxc1 Nb8 26. Rc4 Qb7+ 27.
Kh3 Rc8 28. b5 Rxc4 29. Qxc4 Nd7 30. Qc6 Qb8 31. Qxd7 g6 32. Nc6 Qf8 33. Qd8
1-0

[Event "XVII M.F.Sz.Dobczyce Gr.A"]
[Site "Dobczyce"]
[Date "2009.07.20"]
[Round "3.8"]
[White "Skwarnicki, Adam"]
[Black "Sleczka, Bartosz"]
[Result "0-1"]
[WhiteElo "2020"]
[BlackElo "1835"]
[PlyCount "90"]
[EventDate "2009.??.??"]

1. d4 d5 2. Nf3 Nf6 3. c4 e6 4. g3 Be7 5. Bg2 O-O 6. Nbd2 b6 7. O-O Bb7 8. Qc2
c5 9. cxd5 exd5 10. dxc5 bxc5 11. e3 Nbd7 12. b3 Rc8 13. Re1 Qc7 14. e4 Nxe4
15. Nxe4 dxe4 16. Bf4 Qb6 17. Bh3 Rcd8 18. Rad1 Nf6 19. Nd2 Rfe8 20. Bg2 Bf8
21. Nc4 Qc6 22. Rxd8 Rxd8 23. Be5 Re8 24. Na5 Qb5 25. Bc3 Ba8 26. a4 Qa6 27.
Bxf6 Qxa5 28. Bc3 Qb6 29. Bd2 Bd5 30. Bxe4 Bxe4 31. Rxe4 Rxe4 32. Qxe4 Qxb3 33.
Bf4 c4 34. Qa8 Qxa4 35. Kg2 Qa3 36. Qc8 Qc5 37. Qa6 c3 38. Be3 Qd5+ 39. f3 c2
40. Qc8 Qd1 41. Bc5 Qe2+ 42. Bf2 Qd2 43. Kh3 c1=Q 44. Qe8 Qf1+ 45. Kg4 Qde2 0-1

[Event "XVII M.F.Sz.Dobczyce Gr.A"]
[Site "Dobczyce"]
[Date "2009.07.20"]
[Round "3.10"]
[White "Siedlinski, Piotr"]
[Black "Kudas, Damian"]
[Result "1/2-1/2"]
[WhiteElo "1922"]
[BlackElo "2047"]
[PlyCount "86"]
[EventDate "2009.??.??"]

1. e4 c5 2. Nf3 d6 3. d4 cxd4 4. Nxd4 a6 5. c4 Nf6 6. Nc3 e5 7. Nc2 Be6 8. Be2
Be7 9. Be3 O-O 10. O-O Nc6 11. f3 Rc8 12. Nd5 Nd7 13. Nxe7+ Qxe7 14. b3 f5 15.
exf5 Bxf5 16. Bd3 Nc5 17. Bxf5 Rxf5 18. Bxc5 dxc5 19. Ne3 Rh5 20. Nd5 Qh4 21.
h3 Re8 22. Qe1 Qg5 23. Kh2 Nd4 24. Qe3 Qg6 25. Qe4 Nf5 26. g4 Rg5 27. Rae1 Nd4
28. f4 Qxe4 29. Rxe4 Rg6 30. fxe5 Rge6 31. Kg3 Rxe5 32. Rxe5 Rxe5 33. Rf2 h6
34. h4 Re1 35. h5 b5 36. cxb5 axb5 37. a4 Re5 38. Nc7 bxa4 39. bxa4 c4 40. Ra2
Nb3 41. Rc2 Rc5 42. Nb5 Kf8 43. Re2 Nc1 1/2-1/2

[Event "XVII M.F.Sz.Dobczyce Gr.A"]
[Site "Dobczyce"]
[Date "2009.07.20"]
[Round "3.11"]
[White "Zaboklicki, Zbigniew"]
[Black "Labus, Zbigniew"]
[Result "0-1"]
[WhiteElo "1891"]
[BlackElo "1943"]
[PlyCount "54"]
[EventDate "2009.??.??"]

1. d4 d5 2. c4 c6 3. Nc3 Nf6 4. Nf3 dxc4 5. a4 Bf5 6. e3 Na6 7. Bxc4 Nb4 8. O-O
e6 9. Qe2 Be7 10. Ne5 a5 11. e4 Bg6 12. Nxg6 hxg6 13. e5 Nfd5 14. Ne4 Qc7 15.
g3 Rh5 16. Kg2 O-O-O 17. h3 Rdh8 18. Rh1 g5 19. g4 Rh4 20. Nxg5 Bxg5 21. Bxg5
f6 22. Bxh4 Nf4+ 23. Kf3 Nxe2 24. Bxe6+ Kb8 25. Kxe2 Rxh4 26. f4 Qb6 27. Rad1
Nc2 0-1